000 00291nam a22001457a 4500
020 _a81-7130-904-6
082 _a910
_bDOT/B
100 _aS.K.POTTEKKATT
245 _aBALIDWEEP
260 _aKOTTAYAM
_bDC BOOKS
_c2018
300 _a215
520 _aNOVEL
650 _aNOVEL
942 _cBK
999 _c5347
_d5347